| 000 | 01102nam a2200265 a 4500 | ||
|---|---|---|---|
| 001 | 000002923 | ||
| 005 | 20260317154539.0 | ||
| 008 | 090706s1989 dr ad 000 0 spa d | ||
| 040 |
_aDO-SdBNP _bspa _cBNPHU |
||
| 082 |
_a382.71097293 _bZ87f |
||
| 245 | 0 | 4 |
_aLas zonas francas industriales : _bel éxito de una política económica / _cAlfonso Abreu... [et al.]. |
| 260 |
_aSanto Domingo : _bCentro de Orientación Económica : Centro Internacional para el Desarrollo Económico, _c1989. |
||
| 300 |
_a206 p. : _bil., graf. ; _c23 cm. |
||
| 504 | _aIncluye referencias bibliográficas y notas al pie de las páginas. | ||
| 590 | _aInventariado, 2018/VM | ||
| 650 | 0 |
_aZonas francas industriales _zRepública Dominicana _99277 |
|
| 651 | 4 |
_aRepública Dominicana _xPolítica Económica _9643 |
|
| 651 | 4 |
_aRepública Dominicana _xCondiciones Económicas _9281 |
|
| 700 | 1 | 2 |
_aAbreu, Alfonso _99278 |
| 700 | 1 | 2 |
_aCocco, Manual _99279 |
| 700 | 1 | 2 |
_aDespradel, Carlos _d1942- _99280 |
| 700 | 1 | 2 |
_aGarcía Michel, Eduardo _99281 |
| 700 | 1 | 2 |
_aPeguero, Arturo _99282 |
| 910 | _aValidado. Control de calidad MFF | ||
| 999 |
_c2756 _d2756 |
||